| 000 | 00419nam a2200133Ia 4500 | ||
|---|---|---|---|
| 008 | 250506s9999 xx 000 0 und d | ||
| 024 | _a14B-11-BS, 14B-46-BS & 14B-59-BS | ||
| 082 | _a005.1072 IQR | ||
| 100 | _aIqra Hussain, Maheen Atiq & Esra Ehsan | ||
| 245 | 0 | _aE-Salon Management System (code book) | |
| 260 |
_aKarachi: _bUIT, _c2014 |
||
| 600 | _aComputer Science | ||
| 650 | _aBachelor of Computer Science (BS) | ||
| 999 |
_c28548 _d28548 |
||